Which country is that #2 - Statistics

General Stats
  • This quiz has been taken 49 times
  • The average score is 11 of 14
Answer Stats
Picture Answer % Correct
India
100%
United states
100%
France
98%
United Arab Emirates
98%
United Kingdom
98%
Italy
96%
Japan
89%
Greece
87%
Nepal
83%
China
77%
Israel
64%
North Korea
53%
Qatar
40%
Liechtenstein
15%
No matching quizzes found
Score Distribution
Percent of People with Each Score
Percentile by Number Answered
Your Score History
You have not taken this quiz